000 00703nam a2200229 4500
003 LK-CoMWRAF
005 20231017123833.0
008 231017b |||||||| |||| 00| 0 eng d
020 _a8185274908
040 _aLK-CoMWRAF
_dLK-CoMWRAF
_eLK-CoMWRAF
041 _aeng
082 _a822.33
_bCRI
245 _aCritics on Jane Austen
260 _aNew Dehli :
_bGeorge allen & unwin publishers
_c1992
300 _a viii, 104 p. 22 cm.
650 _aAusten, Jane, 1775-1817--Criticism and interpretation
650 _aWomen and literature--England--History--19th century
650 _aRomance fiction
650 _aEnglish--History and criticism
700 _aO'Neill, Judith
_eed.
942 _cBK
999 _c3909
_d3909